000 00342nam a2200157Ia 4500
001 9138
003 IN-NITTTR
005 20251114233044.0
008 251113s9999||||xx |||||||||||||| ||eng||
040 _beng
040 _cIN-NITTTR
041 _aeng
082 _a615.535 B393
245 0 _aBefore and after baby comes. /
942 _2ddc
_cBK
999 _c11775
_d11775